00577nam a2200145Ia 4500008004100000024005600041082001700097100007400114245003900188260002500227600002200252650003300274952010700307999001700414250506s9999 xx 000 0 und d a13B-042-EL, 13B-064-EL, 13B-074-EL & 13B-075-EL a621.3072 MUH aMuhammad Yawar Arshad, Subayyal Bin Sabir, Asim Sheikh & Sameed Ahmed 0a1KW Transformerless Solar Inverter aKarachi:bUIT,c2013 aPower Engineering aBachelor of Engineering (BE) 001040708PR-PEaUITUbUITUd2022-07-26l0o621.3072 MUHpPE-01r2025-05-06 11:34:18w2025-05-06yPR c28178d28178